000 00280nam a2200121Ia 4500
008 230627s9999 xx 000 0 und d
041 _aeng
082 _a343
_bJOS
100 _aJoshi.K.C
245 _aThe Setate Dute Act
260 _bAllahabad Law Agency
_c1979
300 _a48p
999 _c681228
_d681228